• 首页
  • 本馆介绍
  • 公告通知
  • 最新文献
  • 馆藏检索
  • 电子资源
  • 读者导购
  • 参考咨询
  • 我的图书馆
  • 登录
  • 详细信息显示
  • 放入我的书架
  • 预约/预借图书
  • 作者相关作品
  • 分类相关作品
  • 丛书相关作品
  • 出版社相关作品

书目信息

  • 表格格式
  • 工作单格式
  • 卡片格式
题名:
基础化学
    
 
作者: ;《基础化学》编写组 编写
分册: 下册  
出版信息: 上海   上海科学技术出版社  1979
页数: 273页
开本: 20cm
丛书名:
单 册:
中图分类: O6
科图分类:
主题词: 定量分析 , 化学
电子资源:
ISBN:
000 00669nam0 2200241 45
001 0179000644
005 20060728144137.92
010    @dCNY0.68
091    @a13119.795
100    @a19950726d1979 em y0chiy0121 ea
101 0  @achi
102    @aCN@b310000
105    @ay z 000yy
200 10 @a基础化学@Aji chu hua xue@h下册@f《基础化学》编写组编写@F《ji chu hua xue》bian xie zu bian xie
205    @a新1版
210    @a上海@c上海科学技术出版社@d1979
215    @a273页@d20cm
606    @a定量分析
606    @a化学
690    @aO6@v3
711  0 @a《基础化学》编写组@A《ji chu hua xue》bian xie zu@4编写
801  0 @aCN@bNLC@c20060728
905    @dO6@e100:3=2
    
    基础化学.下册/《基础化学》编写组编写.-新1版.-上海:上海科学技术出版社,1979
    273页;20cm
    
    
    ISBN :CNY0.68
    
●
相关链接 在E读中查询图书 在五车中查询图书 在当当中查询图书 在豆瓣中查询图书


正题名:基础化学     索取号:O6/100:3=2         预约/预借

序号 登录号 条形码 馆藏地/架位号 状态 备注
1 0054640   000338012   第三借阅区/ [索取号:O6/100:3=2] 在馆    
2 0054641   202384516   密集书库/ [索取号:O6/100:3=2] 在馆    
3 0054642   202384437   密集书库/ [索取号:O6/100:3=2] 在馆    
4 0054643   202311907   密集书库/ [索取号:O6/100:3=2] 在馆    
5 0054644   202311499   密集书库/ [索取号:O6/100:3=2] 在馆    
6 0054645   202311916   密集书库/ [索取号:O6/100:3=2] 在馆    
7 0054646   202384473   密集书库/ [索取号:O6/100:3=2] 在馆    
8 0054647   000338021   第二样本阅览室/ [索取号:O6/100:3=2] 在馆    
9 0054648   202384464   密集书库/ [索取号:O6/100:3=2] 在馆    
10 0054649   202384507   密集书库/ [索取号:O6/100:3=2] 在馆    
11 0124679   202309322   密集书库/ [索取号:O6/100:3=2] 在馆    
12 0124680   202309368   密集书库/ [索取号:O6/100:3=2] 在馆    
13 0124681   202311426   密集书库/ [索取号:O6/100:3=2] 在馆    
14 0124682   202311435   密集书库/ [索取号:O6/100:3=2] 在馆    
15 0124683   202309331   密集书库/ [索取号:O6/100:3=2] 在馆    
16 0432651   204326513   密集书库/ [索取号:O6/100:3=2] 在馆    
17 0432770   204327709   密集书库/ [索取号:O6/100:3=2] 在馆    
18 0432990   204329903   密集书库/ [索取号:O6/100:3=2] 在馆    
19 0432991   204329912   密集书库/ [索取号:O6/100:3=2] 在馆    
20 0442650   204426503   密集书库/ [索取号:O6/100:3=2] 在馆    
21 0442651   204426512   密集书库/ [索取号:O6/100:3=2] 在馆    
22 0442652   204426521   密集书库/ [索取号:O6/100:3=2] 在馆    
23 0442653   204426530   密集书库/ [索取号:O6/100:3=2] 在馆    
24 0442654   204426549   密集书库/ [索取号:O6/100:3=2] 在馆    
唐山师范学院图书馆 欢迎您!
大连网信软件有限公司© 版权所有